[Event "Charlotte Super op"]
[Site "Charlotte"]
[Date "2023.07.09"]
[Round "1"]
[White "Vettese, Nicholas"]
[Black "Zhou, Jianchao"]
[Result "0-1"]
[WhiteElo "2272"]
[BlackElo "2540"]
[PlyCount "64"]
[EventDate "2023.07.09"]
[EventType "swiss"]
[EventRounds "9"]
[EventCountry "USA"]
[SourceTitle "CBM 215 Extra"]
[Source "ChessBase"]
[SourceDate "2023.09.30"]
[SourceVersion "1"]
[SourceVersionDate "2023.09.30"]
[SourceQuality "1"]

1. e4 c5 2. Nf3 d6 3. d4 cxd4 4. Nxd4 Nf6 5. Nc3 a6 6. Bg5 Nbd7 7. Qe2 h6 8. Bh4 g6 9. 0-0-0 e5 10. Nb3 Be7 11. g4 b5 12. a3 Bb7 13. Bg2 Rc8 14. f4 Rxc3 15. bxc3 Qc7 16. Kb1 Nb6 17. f5 Na4 18. Be1 Qxc3 19. Bxc3 Nxc3+ 20. Kb2 Nxe2 21. Bf3 Nf4 22. Nd2 g5 23. a4 bxa4 24. Nc4 Bxe4 25. Bxe4 Nxe4 26. Rhe1 d5 27. Nb6 0-0 28. Nxd5 Rb8+ 29. Ka1 Nxd5 30. Rxd5 Nc3 31. Rdxe5 a3 32. R5e3 Kg7 0-1

[Event "Toronto Excelsior GM 06"]
[Site "Toronto"]
[Date "2023.06.22"]
[Round "8"]
[White "Rodrigue Lemieux, Shawn"]
[Black "Vettese, Nicholas"]
[Result "1/2-1/2"]
[WhiteElo "2469"]
[BlackElo "2283"]
[PlyCount "250"]
[EventDate "2023.06.19"]
[EventType "tourn"]
[EventRounds "9"]
[EventCountry "CAN"]
[EventCategory "5"]
[SourceTitle "CBM 215 Extra"]
[Source "ChessBase"]
[SourceDate "2023.09.30"]
[SourceVersion "1"]
[SourceVersionDate "2023.09.30"]
[SourceQuality "1"]

1. d4 d5 2. Nf3 Nf6 3. h3 Bf5 4. c4 c6 5. Nbd2 h6 6. Qb3 Qc7 7. e3 Nbd7 8. Bd3 Bxd3 9. Qxd3 e6 10. 0-0 Be7 11. b3 0-0 12. Bb2 a5 13. a3 Rfe8 14. Rac1 Rad8 15. cxd5 exd5 16. Ne5 Nxe5 17. dxe5 Nd7 18. f4 Bc5 19. Rf3 Qb6 20. Rg3 Re6 21. Bd4 Bxd4 22. exd4 Rg6 23. Rxg6 fxg6 24. Re1 Nf8 25. e6 Re8 26. e7 Nh7 27. Qxg6 Qxd4+ 28. Kh1 Nf6 29. Nf3 Qxf4 30. Re6 Rb8 31. Rxf6 Qxf6 32. e8Q+ Rxe8 33. Qxe8+ Kh7 34. Qe5 Qf8 35. a4 Qb4 36. Nd4 Qc3 37. Qf5+ Kh8 38. Ne6 b5 39. axb5 cxb5 40. Qxd5 a4 41. bxa4 bxa4 42. Qa8+ Kh7 43. Nf8+ Kg8 44. Nd7+ Kf7 45. Qd5+ Ke7 46. Nc5 Qc1+ 47. Kh2 Qf4+ 48. Kg1 Qe3+ 49. Kf1 a3 50. Qb7+ Kf6 51. Qb6+ Ke5 52. Nd7+ Ke4 53. Qb4+ Kd5 54. Nb6+ Kc6 55. Nc4 Qc1+ 56. Ke2 Qc2+ 57. Ke3 a2 58. Qd6+ Kb7 59. Qd7+ Kb8 60. Qd6+ Kb7 61. Qb6+ Kc8 62. Qc5+ Kd8 63. Qf8+ Kd7 64. Qxg7+ Ke8 65. Qe5+ Kf8 66. Nd2 Kg8 67. Qa1 Kh7 68. Ke2 Kg8 69. g4 Kh7 70. Qf6 Qa4 71. Qf7+ Kh8 72. Qf6+ Kh7 73. Qa1 Kg6 74. Kd3 Qa3+ 75. Kc2 Qxh3 76. Qxa2 Qxg4 77. Kd3 Qg3+ 78. Ke4 Qg4+ 79. Ke3 Qg1+ 80. Kd3 Qg3+ 81. Kd4 Qf2+ 82. Kd3 Qg3+ 83. Kc2 Kh7 84. Qd5 Qf2 85. Kd3 Qg3+ 86. Nf3 Qg6+ 87. Ke3 Qg3 88. Qd4 Kg8 89. Qf6 Qg7 90. Qe6+ Kh7 91. Ne5 Qg3+ 92. Kd4 Qf2+ 93. Kc3 Qc5+ 94. Kd3 Qb5+ 95. Kd4 Qb2+ 96. Kc5 Qa3+ 97. Kb6 Qb4+ 98. Kc7 Qc5+ 99. Kd7 Qa7+ 100. Ke8 Qb8+ 101. Ke7 Qb4+ 102. Kf7 Qf4+ 103. Ke8 Qa4+ 104. Nd7 Kg7 105. Qf6+ Kh7 106. Qf7+ Kh8 107. Qd5 Kg7 108. Qg2+ Kh7 109. Qd5 Kg6 110. Kf8 Qf4+ 111. Kg8 Qf5 112. Nf8+ Kg5 113. Qd4 Qg4 114. Qe5+ Kh4+ 115. Kh7 Qg5 116. Qh2+ Kg4 117. Qg2+ Kf5 118. Qe2 Qf6 119. Qd3+ Kg5 120. Qg3+ Kh5 121. Qh3+ Qh4 122. Qe6 Qf4 123. Qe8+ Kg4 124. Ng6 Qg5 125. Ne5+ Kf5 1/2-1/2

[Event "Toronto Excelsior GM 06"]
[Site "Toronto"]
[Date "2023.06.19"]
[Round "2"]
[White "Jaferian, Koosha"]
[Black "Vettese, Nicholas"]
[Result "1/2-1/2"]
[WhiteElo "2201"]
[BlackElo "2283"]
[PlyCount "62"]
[EventDate "2023.06.19"]
[EventType "tourn"]
[EventRounds "9"]
[EventCountry "CAN"]
[EventCategory "5"]
[SourceTitle "CBM 215 Extra"]
[Source "ChessBase"]
[SourceDate "2023.09.30"]
[SourceVersion "1"]
[SourceVersionDate "2023.09.30"]
[SourceQuality "1"]

1. e4 c5 2. c3 Nf6 3. e5 Nd5 4. Nf3 e6 5. d4 cxd4 6. cxd4 b6 7. Nc3 Nxc3 8. bxc3 Qc7 9. Bb5 Bb7 10. Bd2 Be7 11. 0-0 0-0 12. Re1 d6 13. Bd3 Nd7 14. exd6 Qxd6 15. a4 g6 16. a5 Bf6 17. Qe2 Bg7 18. axb6 axb6 19. Be4 Bxe4 20. Qxe4 Rac8 21. Reb1 e5 22. dxe5 Nxe5 23. Bf4 Nxf3+ 24. Qxf3 Qe6 25. Ra3 Qf5 26. Rxb6 Rfe8 27. Be3 Bd4 28. Qxf5 gxf5 29. Rb1 Bxe3 30. fxe3 Rxe3 31. Rf1 Rexc3 1/2-1/2

[Event "Toronto Excelsior GM 06"]
[Site "Toronto"]
[Date "2023.06.19"]
[Round "1"]
[White "Vettese, Nicholas"]
[Black "Sambuev, Bator"]
[Result "1/2-1/2"]
[WhiteElo "2283"]
[BlackElo "2448"]
[PlyCount "38"]
[EventDate "2023.06.19"]
[EventType "tourn"]
[EventRounds "9"]
[EventCountry "CAN"]
[EventCategory "5"]
[SourceTitle "CBM 215 Extra"]
[Source "ChessBase"]
[SourceDate "2023.09.30"]
[SourceVersion "1"]
[SourceVersionDate "2023.09.30"]
[SourceQuality "1"]

1. e4 e5 2. Nf3 Nc6 3. Bb5 a6 4. Ba4 d6 5. c3 f5 6. exf5 Bxf5 7. 0-0 Bd3 8. Re1 Be7 9. Qb3 Rb8 10. Qd5 Bf5 11. Bb3 Nf6 12. Qf7+ Kd7 13. d4 Rf8 14. Qxg7 e4 15. d5 Ne5 16. Nxe5+ dxe5 17. Na3 Rg8 18. Qf7 Rf8 19. Qg7 Rg8 1/2-1/2

[Event "Chicago op 32nd"]
[Site "Chicago"]
[Date "2023.05.28"]
[Round "7"]
[White "Vettese, Nicholas"]
[Black "Shlyakhtenko, Robert"]
[Result "0-1"]
[WhiteElo "2283"]
[BlackElo "2427"]
[PlyCount "114"]
[EventDate "2023.05.25"]
[EventType "swiss"]
[EventRounds "9"]
[EventCountry "USA"]
[SourceTitle "CBM 214 Extra"]
[Source "ChessBase"]
[SourceDate "2023.07.31"]
[SourceVersion "1"]
[SourceVersionDate "2023.07.31"]
[SourceQuality "1"]

1. e4 c5 2. Nf3 e6 3. d4 cxd4 4. Nxd4 a6 5. Bd3 Bc5 6. Nb3 Ba7 7. Qe2 Ne7 8. Nc3 0-0 9. Be3 b5 10. Bxa7 Rxa7 11. Qe3 Rc7 12. 0-0-0 b4 13. Na4 d6 14. Qb6 Nec6 15. f4 e5 16. f5 Nd7 17. Qe3 Nf6 18. Nb6 a5 19. Bb5 Na7 20. Ba4 Bb7 21. Nd5 Bxd5 22. exd5 Qc8 23. Kb1 Qa6 24. Qd3 Qb6 25. g4 Nxg4 26. Rhg1 Nf6 27. Qg3 g6 28. Qg5 Kg7 29. Rd3 Nc8 30. Rh3 Ne7 31. Nd2 Neg8 32. Bc6 Qd4 33. Rh4 h6 34. Rxd4 hxg5 35. Rc4 g4 36. fxg6 fxg6 37. Nb3 Ra7 38. a3 bxa3 39. bxa3 Ne7 40. Rd1 Rc8 41. Ra4 Nxc6 42. dxc6 Rxc6 43. Rxa5 Rac7 44. Rd2 Ne4 45. Rg2 Rc4 46. Ra8 d5 47. Kb2 Nc3 48. Rb8 Nd1+ 49. Kb1 Ne3 50. Re2 d4 51. Re8 Rxc2 52. Rxc2 Rxc2 53. Rxe5 Rxh2 54. Nxd4 Nc4 55. Re2 g3 56. Kc2 Rf2 57. Kd1 g2 0-1

[Event "Ivy League Challenge 5th"]
[Site "Toronto"]
[Date "2023.03.25"]
[Round "4"]
[White "Vettese, Nicholas"]
[Black "Gurevich, Daniel"]
[Result "0-1"]
[WhiteElo "2278"]
[BlackElo "2446"]
[PlyCount "69"]
[EventDate "2023.03.24"]
[EventType "team-tourn"]
[EventRounds "5"]
[EventCountry "CAN"]
[SourceTitle "CBM 213 Extra"]
[Source "ChessBase"]
[SourceDate "2023.05.31"]
[SourceVersion "1"]
[SourceVersionDate "2023.05.31"]
[SourceQuality "1"]
[WhiteTeam "Toronto Univ"]
[BlackTeam "Princeton University"]
[WhiteTeamCountry "CAN"]
[BlackTeamCountry "USA"]

1. e4 c6 2. d4 d5 3. Nc3 dxe4 4. Nxe4 Bf5 5. Ng3 Bg6 6. N1e2 Nf6 7. c3 Nd5 8. h4 h6 9. Nf4 Nxf4 10. Bxf4 e6 11. h5 Bh7 12. Bd3 Bxd3 13. Qxd3 Bd6 14. Bxd6 Qxd6 15. Ne4 Qd5 16. 0-0-0 Qxa2 17. Nd6+ Ke7 18. Nxb7 Nd7 19. Qg3 Rhb8 20. Qd6+ Ke8 21. Qc7 Rxb7 22. Qxb7 Rb8 23. Qxb8+ Nxb8 24. Kc2 Nd7 25. Ra1 Qd5 26. Rxa7 c5 27. Rd1 Qxg2 28. Rxd7 Kxd7 29. dxc5+ Kc7 30. Rd2 Qe4+ 31. Rd3 Qe2+ 32. Rd2 Qxh5 33. b4 Qf5+ 34. Kb3 h5 35. Kc4 0-1